000 00265nam a22001097a 4500
008 170120b xxu||||| |||| 00| 0 eng d
020 _a9781451151664
041 _aeng
080 _26TH
_a618,2
245 _aFOCUS ON NURSING PHARMACOLOGY
_cKARCH, A.,
942 _2udc
_cBK
999 _c3334
_d3334